000 01715nam a2200397 4500
003 OSt
005 20260601193839.0
008 260421b2013 mx a|||| |||| 00| 0 spa d
020 _a9786074172584
040 _aICI
_bspa
_cICI
041 _aspa
041 _aeng
050 _aNA759.A683
_bD53
100 1 _a Cruz González Franco, Lourdes
245 1 _aLos dibujos del taller de Augusto H. Álvarez
_c Lourdes Cruz González Franco, Alejandro Aguilera González ; con dibujos de: Carlos Alvarado, Augusto H. Álvarez, Augusto F. Álvarez, Vito Ascencio, Jorge Flores, Luis Guerrero, Francisco Javier Marván, Héctor Meza, Joaquín Palacios, Octavio Sánchez
264 _bUniversidad Iberoamericana, Ciudad de México, Departamento de Arquitectura
_bUniversidad Nacional Autónoma de México, Facultad de Arquitectura
_c2013
_aMéxico, D.F.
300 _a139 páginas
_b ilustraciones
336 _atexto
_2rdacontent
337 _asin medio
_2rdamedia
338 _avolumen
_2rdacarrier
500 _aTexto en español
600 1 _aÁlvarez, Augusto H.
_d 1914-1995
_x Archivos
650 _aDibujo arquitectónico
_xHistoria
_ySiglo XX
_zMéxico |
700 _aAguilera González, Alejandro
_eautor
700 _aAlvarado, Carlos
_e ilustrador
700 _aÁlvarez, Augusto H.
_d1914-1995,
_e ilustrador
700 _aÁlvarez, Augusto F.
_e ilustrador
700 _a Ascencio, Vito
_e ilustrador
700 _a Flores, Jorge
_e ilustrador
700 _aGuerrero, Luis
_eilustrador
700 _aJavier Marván, Francisco
_e ilustrador
700 _a Meza, Héctor
_e ilustrador
700 _a Palacios, Joaquín
_e ilustrador
700 _aSánchez, Octavio
_e ilustrador
942 _2ddc
_cB
999 _c21354
_d21354